000 00613nam a2200157Ia 4500
008 151213s9999 xx 000 0 und d
100 _aঘঁৎঁষ ওংষধস.
245 _aএৎধযধস এৎববহবব ধহ ওহাবহঃবফ ঐঁসধহরংঃ
_cঘঁৎঁষ ওংষধস.
250 _a১ংঃ
260 _aফযধশধ
_bঔধযধহমরৎ ঘধমধৎ টহরাবৎংরঃু.
_c1987
300 _a4452 p.
650 _aBangla
650 _aসোসাইল সাইন্স
700 _aঘঁৎঁষ ওংষধস.
999 _c2827
_d2827